Влияние катодного смещения от стационарного потенциала поверхности на шероховатость покрытия в электролите химического никелирования; Химия и химическая технология в XXI веке

Dades bibliogràfiques
Parent link:Химия и химическая технология в XXI веке.— 2018.— [С. 125-126]
Autor principal: Рогова И. А.
Autor corporatiu: Национальный исследовательский Томский политехнический университет Школа базовой инженерной подготовки Отделение естественных наук, Национальный исследовательский Томский политехнический университет Инженерная школа новых производственных технологий Научно-образовательный центр Н. М. Кижнера
Altres autors: Ильин А. П. Александр Петрович (научный руководитель), Налесник О. И. Олег Иванович
Sumari:Заглавие с экрана
Idioma:rus
Publicat: 2018
Col·lecció:Химия и химическая технология неорганических веществ и материалов
Matèries:
Accés en línia:http://earchive.tpu.ru/handle/11683/50065
Format: MixedMaterials Electrònic Capítol de llibre
KOHA link:https://koha.lib.tpu.ru/cgi-bin/koha/opac-detail.pl?biblionumber=626780

MARC

LEADER 00000naa2a2200000 4500
001 626780
005 20231101133429.0
035 |a (RuTPU)RU\TPU\conf\26400 
035 |a RU\TPU\conf\26252 
090 |a 626780 
100 |a 20180801d2018 k y0rusy50 ca 
101 0 |a rus 
102 |a RU 
105 |a y z 101zy 
135 |a drgn ---uucaa 
181 0 |a i  
182 0 |a b 
200 1 |a Влияние катодного смещения от стационарного потенциала поверхности на шероховатость покрытия в электролите химического никелирования  |f И. А. Рогова  |g науч. рук. А. П. Ильин, О. И. Налесник 
203 |a Текст  |c электронный 
225 1 |a Химия и химическая технология неорганических веществ и материалов 
230 |a 1 компьютерный файл (pdf; 661 Kb) 
300 |a Заглавие с экрана 
320 |a [Библиогр.: с. 126 (3 назв.)] 
463 0 |0 (RuTPU)RU\TPU\conf\26227  |t Химия и химическая технология в XXI веке  |o материалы XIX Международной научно-практической конференции студентов и молодых ученых имени профессора Л. П. Кулёва, 21-24 мая 2018 г., г. Томск  |f Национальный исследовательский Томский политехнический университет  |v [С. 125-126]  |d 2018 
610 1 |a электронный ресурс 
610 1 |a труды учёных ТПУ 
610 1 |a смещения 
610 1 |a поверхности 
610 1 |a шероховатости 
610 1 |a покрытия 
610 1 |a электролиты 
610 1 |a химическое никелирование 
610 1 |a катодные потенциалы 
700 1 |a Рогова  |b И. А. 
702 1 |a Ильин  |b А. П.  |c химик  |c профессор Томского политехнического университета, доктор физико-математических наук  |f 1949-  |g Александр Петрович  |2 stltpush  |4 727 
702 1 |a Налесник  |b О. И.  |c химик-технолог  |c доцент Томского политехнического университета, кандидат технических наук  |f 1939-  |g Олег Иванович  |2 stltpush  |4 727 
712 0 2 |a Национальный исследовательский Томский политехнический университет  |b Школа базовой инженерной подготовки  |b Отделение естественных наук  |h 8032  |2 stltpush  |3 (RuTPU)RU\TPU\col\23562 
712 0 2 |a Национальный исследовательский Томский политехнический университет  |b Инженерная школа новых производственных технологий  |b Научно-образовательный центр Н. М. Кижнера  |h 7872  |2 stltpush  |3 (RuTPU)RU\TPU\col\23556 
801 2 |a RU  |b 63413507  |c 20180821  |g RCR 
856 4 |u http://earchive.tpu.ru/handle/11683/50065 
942 |c BK